000 00751nas a2200253 4500
001 BR7902319
003 BR-BrBNA
005 20231205083704.0
007 ta
008 230509b bl.|||p| |||| 00| 00por d
040 _aBR-BrBNA
_bpor
_cBiblioteca Nacional de Agricultura
041 _a(Pt)
072 _aH20; F00
100 1 _aAlmeida, J.E. de
100 1 _aMastrocola, M.A.
245 1 _aSphagnum SP.: seu uso como controlador de fungos (Nota previa)[semente, musgo, germinacao]
650 _aPRODUCAO VEGETAL
650 _aFUNGO
650 _aMUSGO
650 _aSEMENTE
773 0 _tZootecnia (Brazil)
_xISSN 0044-5320
_g(Jul 1978), v. 16(3) p. 141-145
_wBR7902319
909 _a202311
_bLúcia
_c55
_dLúcia Elande
942 _2AGRIS
_n0
_cANA
999 _c100569
_d100569